Statistics for Bandwagon Quiz - Chicago White Sox

Click here to take the quiz!

General Stats

  • This quiz has been taken 17 times
  • The average score is 11 of 20

Answer Stats

HintAnswer% Correct
How many World Series titles do the White Sox have?3
92%
What White Sox player won the AL MVP award in 2020?Jose Abreu
92%
What side of Chicago do the White Sox call home?South
92%
When did the White Sox win their most recent World Series?2005
85%
What nickname was given to the 1919 White Sox who were found to be rigging games in the World Series?Black Sox
85%
What is the name of the White Sox's ballpark?Guaranteed Rate Field
85%
What is the name of the current White Sox mascot?Southpaw
85%
What team do the White Sox play in the "Crosstown Classic"?Chicago Cubs
77%
Who leads the White Sox in all-time home runs?Frank Thomas
77%
Who owns the White Sox?Jerry Reinsdorf
69%
Who is the current manager of the White Sox?Pedro Grifol
69%
What is the name of the White Sox's Triple-A affiliate?Charlotte Knights
62%
What was the nickname given to the above player?The Big Hurt
62%
What was the nickname of Jack McDowell, who won a Cy Young with the White Sox?Black Jack
38%
The White Sox's ballpark is famous for what structures above the video board?Pinwheels
31%
What song is played after the White Sox win?Sweet Home Chicago
15%
What was the name given to the fan who would dress up in facepaint and chant "Come On You White Sox"?Andy the Clown
8%
Who is the White Sox's all-time strikeouts leader?Billy Pierce
8%
What Pitbull song is played when the White Sox hit a home run?Don't Stop the Party
8%
Who is the White Sox's all-time wins leader for pitching?Ted Lyons
0%

Score Distribution

Percentile by Number Answered

Percent of People with Each Score

Your Score History

You have not taken this quiz